| 000 | 00617nam a22001937a 4500 | ||
|---|---|---|---|
| 003 | 0 | ||
| 005 | 20240422100522.0 | ||
| 008 | 240422b xxu||||| |||| 00| 0 eng d | ||
| 020 | _a978-1-4063-8271-6 | ||
| 050 |
_aER _bCat368 2020 |
||
| 082 |
_aER _bCat368 2020 |
||
| 100 | _aJenkins, Martin | ||
| 245 |
_aCaterpillar and bean _cMartin Jenkins ; illustrated by Hannah Tolson |
||
| 260 |
_aLondon _bWalker Books and Subsidiaries _cc2019 |
||
| 300 |
_a25 pages : _bcolored illustrations and pictures ; _c28cm. |
||
| 650 | _aCaterpillar--Picture Books. | ||
| 650 | _aCaterpillar--Easy Reading. | ||
| 942 |
_2ddc _cBK |
||
| 999 |
_c365951 _d365951 |
||